| 000 -LEADER |
| fixed length control field |
01386cam a2200301 a 4500 |
| 003 - CONTROL NUMBER IDENTIFIER |
| control field |
OSt |
| 005 - DATE AND TIME OF LATEST TRANSACTION |
| control field |
20240626170945.0 |
| 008 - FIXED-LENGTH DATA ELEMENTS--GENERAL INFORMATION |
| fixed length control field |
070815s2008 nyua b 001 0 eng |
| 010 ## - LIBRARY OF CONGRESS CONTROL NUMBER |
| LC control number |
2007033805 |
| 020 ## - INTERNATIONAL STANDARD BOOK NUMBER |
| International Standard Book Number |
9781568987705 (alk. paper) |
| 020 ## - INTERNATIONAL STANDARD BOOK NUMBER |
| International Standard Book Number |
1568987706 (alk. paper) |
| 020 ## - INTERNATIONAL STANDARD BOOK NUMBER |
| International Standard Book Number |
9781568987026 (pbk.) |
| 020 ## - INTERNATIONAL STANDARD BOOK NUMBER |
| International Standard Book Number |
1568987021 (pbk.) |
| 035 ## - SYSTEM CONTROL NUMBER |
| System control number |
(OCoLC)166273716 |
| 040 ## - CATALOGING SOURCE |
| Original cataloging agency |
DLC |
| Transcribing agency |
DLC |
| Modifying agency |
YDX |
| -- |
BAKER |
| -- |
BTCTA |
| -- |
YDXCP |
| -- |
UKM |
| -- |
NPL |
| -- |
CDX |
| -- |
VP@ |
| -- |
DLC |
| 082 00 - DEWEY DECIMAL CLASSIFICATION NUMBER |
| Classification number |
741.6 |
| Edition number |
22 |
| 100 1# - MAIN ENTRY--PERSONAL NAME |
| Personal name |
Lupton, Ellen. |
| 245 10 - TITLE STATEMENT |
| Title |
Graphic design : |
| Remainder of title |
the new basics / |
| Statement of responsibility, etc |
Ellen Lupton and Jennifer Cole Phillips. |
| 250 ## - EDITION STATEMENT |
| Edition statement |
1st ed. |
| 260 ## - PUBLICATION, DISTRIBUTION, ETC. (IMPRINT) |
| Place of publication, distribution, etc |
New York : |
| Name of publisher, distributor, etc |
Princeton Architectural Press ; |
| Place of publication, distribution, etc |
Baltimore : |
| Name of publisher, distributor, etc |
Maryland Institute College of Art, |
| Date of publication, distribution, etc |
c2008. |
| 300 ## - PHYSICAL DESCRIPTION |
| Extent |
247 p. : |
| Other physical details |
ill. (chiefly col.) ; |
| Dimensions |
23 cm. |
| 504 ## - BIBLIOGRAPHY, ETC. NOTE |
| Bibliography, etc |
Includes bibliographical references (p. [244]-245) and index. |
| 505 0# - FORMATTED CONTENTS NOTE |
| Formatted contents note |
Back to the Bauhaus / Ellen Lupton -- Beyond the basics / Jennifer Cole Phillips -- Point, line, plane -- Rhythm and balance -- Scale -- Texture -- Color -- Figure/ground -- Framing -- Hierarchy -- Layers -- Transparency -- Modularity -- Grid -- Pattern -- Diagram -- Time and motion -- Rules and randomness. |
| 650 #0 - SUBJECT ADDED ENTRY--TOPICAL TERM |
| Topical term or geographic name as entry element |
Graphic arts. |
| 700 1# - ADDED ENTRY--PERSONAL NAME |
| Personal name |
Phillips, Jennifer C., |
| Dates associated with a name |
1960- |
| 856 41 - ELECTRONIC LOCATION AND ACCESS |
| Materials specified |
Table of contents only |
| Uniform Resource Identifier |
<a href="http://www.loc.gov/catdir/toc/ecip0725/2007033805.html">http://www.loc.gov/catdir/toc/ecip0725/2007033805.html</a> |
| 942 ## - ADDED ENTRY ELEMENTS (KOHA) |
| Source of classification or shelving scheme |
|